| 000 | 00431 a2200133 4500 | ||
|---|---|---|---|
| 001 | ART_48437 | ||
| 005 | 20260410162024.0 | ||
| 008 | 260409a | ||
| 245 | 1 | 0 | _aPatrones de corresidencia con familiares en el Brasil, 1960-2010 |
| 100 | 1 | _ade Araújo Cunha, Mariana | |
| 700 | 1 | _aWajnman, Simone | |
| 700 | 1 | _aTurra, Cassio M. | |
| 773 | 0 |
_tNotas de población _g- Año XLV, Nº 107 (jul./dic. 2018) _wREV41841 |
|
| 999 |
_c33388 _d33388 |
||